000 00665nam a2200217 a 4500
001 BRL_1027
005 20190320211013.0
008 011113s1974----mx-a######---#000-0#spa-#
041 _aspa
044 _amx
050 4 _aF1230
_b.G87 1974
100 1 _aGurría Lacroix, Jorge
_919642
245 1 0 _aLa caida de Tenochtitlan
_cJorge Gurría Lacroix.
260 _aMéxico
_bDepartamento del Distrito Federal, Secretaría de Obras y Servicios
_c1974
300 _a128 p.
_bil.
_c17 cm.
440 0 _aColección Pupular Ciudad de México
_v11
_925621
500 _aAu1107
651 4 _aMéxico
_xHistoria
_yConquista, 1519-1540
_9442
902 _aGRL
942 _2lcc
_cB
999 _c9839
_d9839